All Doechii Songs - Statistics

General Stats
  • This quiz has been taken 18 times
    11 since last reset
  • The average score is 18 of 77
Answer Stats
Answer % Correct
Anxiety
70%
NISSAN ALTIMA
70%
ALLIGATOR BITES NEVER HEAL
60%
BOILED PEANUTS
60%
DENIAL IS A RIVER
60%
Persuasive ( with SZA)
60%
BULLFROG
50%
Crazy
50%
What It Is
50%
Alter Ego (with JT)
40%
Balloon
40%
Black Girl Memoir
40%
BOOM BAP
40%
CATFISH
40%
Extra L
40%
GTFO
40%
HUH!
40%
I’M HIS, HE’S MINE
40%
Nosebleeds
40%
Spookie Coochie
40%
Spookie Coochie Live (Interlude)
40%
BEVERLY HILLS
30%
Booty Drop
30%
Girls
30%
SLIDE
30%
STANKA POOH
30%
Swamp Bitches
30%
WAIT
30%
Yucky Blucky Fruitcake
30%
Bitches Be
20%
Bitch I’m Nice
20%
BLOOM
20%
DEATH ROLL
20%
FIREFLIES
20%
MPH
20%
Oh The Places You’ll Go
20%
Pacer
20%
Phenomenal
20%
ROCKET
20%
SKIPP
20%
Stressed
20%
Timeless
20%
What’s Your Name?
20%
60 Seconds
10%
Bills
10%
Body Offer
10%
Doechii 101
10%
Drop Out
10%
EGYPT (Remix)
10%
Everything You Needed
10%
God
10%
HIDE N SEEK
10%
I Hate Your Ex-Girlfriend
10%
Mocking Bird
10%
Pencil Pouch
10%
Pms
10%
PROFIT
10%
Pro Freak
10%
Shit
10%
Something Real
10%
This Bitch Matters
10%
Truth
10%
Universal Swamp Anthem
10%
Wat U Sed
10%
Weekend
10%
Afro Blues
0%
Believe
0%
Girls Night Out
0%
Hate Me Now
0%
I Don’t Trust You!
0%
I, Myself & Me
0%
On My Way
0%
Right Now
0%
Sayonara
0%
Till’ the World
0%
Trampoline
0%
Xtasy (Remix)
0%
No matching quizzes found
Score Distribution
Percent of People with Each Score
Percentile by Number Answered
Your Score History
You have not taken this quiz since the last reset